[Event "Olga Nikolaevna Rubtsova"]
[Site "SchemingMind.com"]
[Date "2009.05.10"]
[Round "-"]
[White "tabanli"]
[Black "Fiesty 50"]
[Result "0-1"]
[WhiteCountry "USA"]
[BlackCountry "ENG"]
[WhiteElo "2029"]
[WhiteRD "95"]
[BlackElo "2308"]
[BlackRD "97"]
[GameID "204058"]

1. d4 d5 2. c4 dxc4 3. Nf3 Nf6 4. Nc3 a6 5. e4 b5 6. e5 Nd5 7. a4 e6 8. axb5 Nb6 9. Be3 Bb7 10. bxa6 Rxa6
11. Rc1 Bb4 12. Nd2 Qh4 13. g3 Qe7 14. f3 Bd5 15. Be2= O-O 16. O-O c5 17. dxc5 Bxc5 18. Bxc5 Qxc5+ 19. Rf2 Nc6 20. Nce4 Qd4
21. f4 Ra2 22. Nd6 Qxb2 23. Bxc4 Nxc4 24. N6xc4 Bxc4 25. Ne4 Be2 26. Rb1 Bxd1
0-1

[Event "Olga Nikolaevna Rubtsova"]
[Site "SchemingMind.com"]
[Date "2009.05.10"]
[Round "-"]
[White "n_antonov"]
[Black "saxon"]
[Result "1/2-1/2"]
[WhiteCountry "BUL"]
[BlackCountry "GER"]
[WhiteElo "2200"]
[WhiteRD "57"]
[BlackElo "2336"]
[BlackRD "107"]
[GameID "204203"]

1. e4 c5 2. c3 d5 3. exd5 Qxd5 4. d4 Nf6 5. Nf3 Bg4 6. dxc5 Qxc5 7. Na3 a6 8. Be3 Qc7 9. Qa4+ Nbd7 10. O-O-O Rc8
11. h3 Bxf3 12. gxf3 e6 13. Rg1 g6 14. Kb1 Bg7 15. Qc4 Nd5 16. Qxc7 Rxc7 17. f4 N7b6 18. Bg2 Ke7 19. Bf3 Rd8 20. Nc2 Rdd7
21. Bd4 Bxd4 22. Rxd4 Nf6 23. Rgd1 Nc4 24. Ne3 Rxd4 25. Rxd4 Nd6 26. Kc2 a5 27. Kb3 b6 28. Kc2 h5 29. Kd2 Nd7 30. c4 Nc5
31. Bg2 Na6 32. b3 Nb4 33. a3 Na6 34. h4 Nc5 35. Kc3 Nd7 36. Kb2 Nf6 37. Bf3 Rc8 38. Be2 Nfe4 39. f3= Ng3 40. Bd3 Nh1
41. b4 Ng3=
1/2-1/2

[Event "Olga Nikolaevna Rubtsova"]
[Site "SchemingMind.com"]
[Date "2009.05.10"]
[Round "-"]
[White "n_antonov"]
[Black "Tom Lathrop"]
[Result "1-0"]
[WhiteCountry "BUL"]
[BlackCountry "CAN"]
[WhiteElo "2200"]
[WhiteRD "57"]
[BlackElo "1975"]
[BlackRD "146"]
[GameID "204204"]

1. d4 Nf6 2. Nf3 e6 3. c4 b6 4. g3 Bb7 5. Bg2 Be7 6. O-O O-O 7. d5 exd5 8. Nh4 c6 9. cxd5 Nxd5 10. Nf5 Nc7
11. Nc3 d5 12. e4 Nba6 13. exd5 cxd5 14. Qg4 Bf6 15. Rd1 Bxc3 16. bxc3 g6 17. Nh6+ Kg7 18. c4 f6 19. cxd5 Nb5 20. d6 Rb8
21. Bxb7 Rxb7 22. Qc4 Nbc7 23. Ng4 Kh8 24. Bh6 b5 25. dxc7 Qc8 26. Qd4
1-0

[Event "Olga Nikolaevna Rubtsova"]
[Site "SchemingMind.com"]
[Date "2009.05.10"]
[Round "-"]
[White "n_antonov"]
[Black "MichaelDV"]
[Result "0-1"]
[WhiteCountry "BUL"]
[BlackCountry "SWE"]
[WhiteElo "2208"]
[WhiteRD "60"]
[BlackElo "2409"]
[BlackRD "71"]
[GameID "204205"]

1. d4 Nf6 2. Bg5 e6 3. e4 h6 4. Bxf6 Qxf6 5. Nc3 Bb4 6. Qd2 d5 7. e5 Qd8 8. a3 Be7 9. O-O-O c5 10. dxc5 Nd7
11. Nf3 Nxc5 12. h4 Bd7 13. g4 b5 14. Nd4 a6 15. f4 Qb8 16. b4 Na4 17. Nxa4 bxa4 18. c3 a5 19. Kb1 h5 20. g5 g6
21. Ka2 O-O 22. b5 Qb6 23. Rc1 Rfc8 24. Rh3 Qc5 25. Qb2 Rab8 26. Bd3 Qb6 27. Rhh1 Bc5 28. Rhd1 Rc7 29. Rb1 Bxd4 30. cxd4 Rbc8
31. Rdc1 Rxc1 32. Rxc1 Rxc1 33. Qxc1 Qxd4 34. Qf1 Qe3 35. Bc2 Kg7 36. Bxa4 Qd2+ 37. Kb1 Qc3 38. Ka2 Bc8 39. Bb3 Bb7 40. Qg2 Qe3
41. a4 Qxf4 42. Qh1 Qxe5 43. Qf3 Qd4 44. Bc2 Qc4+ 45. Kb1 Qb4+ 46. Ka2 Qd4 47. Qg3 e5
0-1

[Event "Olga Nikolaevna Rubtsova"]
[Site "SchemingMind.com"]
[Date "2009.05.10"]
[Round "-"]
[White "n_antonov"]
[Black "Peacemaker"]
[Result "1/2-1/2"]
[WhiteCountry "BUL"]
[BlackCountry "GER"]
[WhiteElo "2255"]
[WhiteRD "58"]
[BlackElo "2481"]
[BlackRD "76"]
[GameID "204206"]

1. e4 c5 2. Ne2 Nc6 3. d4 cxd4 4. Nxd4 Nf6 5. Nc3 d6 6. Bg5 e6 7. Qd2 a6 8. O-O-O Bd7 9. f3 Be7 10. h4 h6
11. Be3 h5 12. Bg5 b5 13. Nxc6 Bxc6 14. Kb1 O-O 15. Ne2 Qc7 16. Nf4 g6 17. Be2 d5 18. a3 dxe4 19. Qc3 exf3 20. Bxf3 Rfc8
21. Nxh5 Nxh5 22. Qxc6 Qxc6 23. Bxc6=
1/2-1/2

[Event "Olga Nikolaevna Rubtsova"]
[Site "SchemingMind.com"]
[Date "2009.05.10"]
[Round "-"]
[White "n_antonov"]
[Black "tabanli"]
[Result "1-0"]
[WhiteCountry "BUL"]
[BlackCountry "USA"]
[WhiteElo "2222"]
[WhiteRD "63"]
[BlackElo "2029"]
[BlackRD "95"]
[GameID "204207"]

1. d4 Nf6 2. c4 e6 3. Nc3 Bb4 4. Qc2 d5 5. cxd5 Qxd5 6. Nf3 c5 7. Bd2 Bxc3 8. Bxc3 cxd4 9. Nxd4 e5 10. Nf3 Nc6
11. a3 e4 12. Rd1 Qf5 13. Bxf6 Qxf6 14. Qxe4+ Be6 15. Rd2 O-O 16. e3 Bf5 17. Qh4 Qg6 18. Qf4 Be4 19. Rd6 Qf5 20. Qxf5 Bxf5
21. Bd3 Bg4 22. Be4 Rad8 23. Rxd8 Rxd8 24. Ke2 Kf8 25. Rc1 Rd6 26. Bxc6 bxc6 27. b4 Ke7 28. Rc5 Rh6 29. Rg5 Bxf3+ 30. Kxf3 Rxh2
31. Ra5 Rh6 32. Rxa7+ Ke6 33. a4 Rf6+ 34. Ke2 Kd5 35. a5 Kc4 36. Rb7 Rd6 37. Rxf7 Kxb4 38. a6 c5 39. a7 Ra6 40. Rxg7 h6
41. f4 c4 42. f5 c3 43. f6 c2 44. Kd2 Kb3 45. Rb7+ Kc4 46. f7 Ra1 47. Rc7+ Kd5 48. Rxc2 Rxa7 49. f8=Q
1-0

[Event "Olga Nikolaevna Rubtsova"]
[Site "SchemingMind.com"]
[Date "2009.05.10"]
[Round "-"]
[White "n_antonov"]
[Black "Fiesty 50"]
[Result "1/2-1/2"]
[WhiteCountry "BUL"]
[BlackCountry "ENG"]
[WhiteElo "2255"]
[WhiteRD "58"]
[BlackElo "2283"]
[BlackRD "110"]
[GameID "204208"]

1. e4 e5 2. Bc4 Nf6 3. d3 c6 4. Nf3 d5 5. Bb3 Bd6 6. Nc3 dxe4 7. Ng5 O-O 8. Ncxe4 Nxe4 9. Nxe4 Bf5 10. Qf3 Bxe4
11. dxe4 Nd7 12. c3 a5 13. O-O Nc5 14. Rd1 Nxb3 15. axb3 Qe7 16. Be3 Rfd8 17. h3 Bc7 18. Qg4 Rxd1+ 19. Rxd1 Rd8 20. Rxd8+ Bxd8
21. Kh2=
1/2-1/2

[Event "Olga Nikolaevna Rubtsova"]
[Site "SchemingMind.com"]
[Date "2009.05.10"]
[Round "-"]
[White "saxon"]
[Black "n_antonov"]
[Result "1-0"]
[WhiteCountry "GER"]
[BlackCountry "BUL"]
[WhiteElo "2355"]
[WhiteRD "116"]
[BlackElo "2255"]
[BlackRD "58"]
[GameID "204209"]

1. e4 c6 2. Nc3 d5 3. d4 dxe4 4. Nxe4 Bf5 5. Ng3 Bg6 6. Nf3 Nd7 7. h4 h6 8. h5 Bh7 9. Bd3 Bxd3 10. Qxd3 e6
11. Bf4 Qa5+ 12. Bd2 Qc7 13. O-O-O Ngf6 14. Ne4 O-O-O 15. g3 Nxe4 16. Qxe4 Bd6 17. c4 c5 18. d5 Nf6 19. Qc2 exd5 20. cxd5 Qd7
21. Bc3 Rde8 22. Bxf6 gxf6 23. Rhe1 Kb8 24. Nh4 Re5 25. Rxe5 fxe5 26. Nf5 Qd8 27. g4 Qf6 28. Qd2 Kc7 29. Re1 Kd7 30. Qa5 Rg8
31. f3 Ra8 32. Kb1 Qd8 33. Qa4+ Kc7 34. Nxh6
1-0

[Event "Olga Nikolaevna Rubtsova"]
[Site "SchemingMind.com"]
[Date "2009.05.11"]
[Round "-"]
[White "Tom Lathrop"]
[Black "n_antonov"]
[Result "0-1"]
[WhiteCountry "CAN"]
[BlackCountry "BUL"]
[WhiteElo "2005"]
[WhiteRD "154"]
[BlackElo "2255"]
[BlackRD "58"]
[GameID "204210"]

1. e4 e5 2. f4 exf4 3. Nf3 g5 4. Bc4 Bg7 5. h4 h6 6. d4 d6 7. Nc3 Nc6 8. O-O g4 9. Bxf4 gxf3 10. Qxf3 Bxd4+
11. Kh1 Qxh4+ 12. Bh2 Nf6 13. Nd5 Nxd5 14. g3 Qg5 15. exd5 Ne5 16. Qe4 Bxb2 17. Rab1 Ba3 18. Bb5+ Kd8 19. Rbe1 a6 20. Ba4 Bh3
21. Rf3 f5 22. Qe2 Bg4
0-1

[Event "Olga Nikolaevna Rubtsova"]
[Site "SchemingMind.com"]
[Date "2009.05.11"]
[Round "-"]
[White "MichaelDV"]
[Black "n_antonov"]
[Result "1-0"]
[WhiteCountry "SWE"]
[BlackCountry "BUL"]
[WhiteElo "2409"]
[WhiteRD "71"]
[BlackElo "2208"]
[BlackRD "60"]
[GameID "204211"]

1. d4 d5 2. Nf3 Nf6 3. c4 c6 4. e3 Bf5 5. Nc3 e6 6. Nh4 Be4 7. f3 Bg6 8. Qb3 Qc7 9. Bd2 Nbd7 10. cxd5 Nxd5
11. e4 N5b6 12. g3 Be7 13. Nxg6 hxg6 14. O-O-O O-O-O 15. Kb1 Kb8 16. Rc1 Qd6 17. Be3 Ka8 18. a3 g5 19. Be2 Rh3 20. Bf1 Rhh8
21. Be2 Rh3 22. e5 Qc7 23. Ne4 Rdh8 24. Bxg5 Bxg5 25. Nxg5 Rxh2 26. Rxh2 Rxh2 27. Qd3 Nf8 28. f4 f6 29. Ne4 Nd5 30. Bf3 Qb6
31. Rc2 Rxc2 32. Kxc2 Kb8 33. Nd6 Qc7 34. Qe2 Nb6 35. Qh2 Nc8 36. Qh8 Qe7 37. Ne4 f5 38. Ng5 g6 39. Qg8 a5 40. Be2 b5
41. Qh8 b4 42. Qh1 Na7 43. Qe1 c5 44. d5 exd5 45. Qh1 Qd7 46. Qh8 Qd8 47. Nh7 Ne6 48. Qxd8+ Nxd8 49. Nf6 Ne6 50. Nxd5 Nc6
51. Kd3 Ncd4 52. Bf1 g5 53. Kc4 Nf3 54. Bg2 Ne1 55. Bh3 g4 56. Bf1 Nf3 57. Kb5 Nd2 58. Bg2 Nb3 59. axb4 Ned4+ 60. Kc4 cxb4
61. Ne3
1-0

[Event "Olga Nikolaevna Rubtsova"]
[Site "SchemingMind.com"]
[Date "2009.05.10"]
[Round "-"]
[White "Peacemaker"]
[Black "n_antonov"]
[Result "1/2-1/2"]
[WhiteCountry "GER"]
[BlackCountry "BUL"]
[WhiteElo "2481"]
[WhiteRD "76"]
[BlackElo "2255"]
[BlackRD "58"]
[GameID "204212"]

1. e4 e5 2. Nf3 Nf6 3. Nxe5 d6 4. Nf3 Nxe4 5. d4 d5 6. Bd3 Nc6 7. O-O Be7 8. c4 Nb4 9. Be2 O-O 10. Nc3 Bf5
11. a3 Nxc3 12. bxc3 Nc6 13. Re1 Re8 14. cxd5 Qxd5 15. Bf4 Rac8 16. Bd3 b5 17. Qb1 Bxd3 18. Qxd3 Bd6 19. Ng5 f5 20. Bxd6 cxd6
21. a4 h6=
1/2-1/2

[Event "Olga Nikolaevna Rubtsova"]
[Site "SchemingMind.com"]
[Date "2009.05.10"]
[Round "-"]
[White "tabanli"]
[Black "n_antonov"]
[Result "1/2-1/2"]
[WhiteCountry "USA"]
[BlackCountry "BUL"]
[WhiteElo "2029"]
[WhiteRD "102"]
[BlackElo "2204"]
[BlackRD "65"]
[GameID "204213"]

1. d4 d5 2. c4 dxc4 3. Nf3 Nf6 4. Nc3 a6 5. e4 b5 6. e5 Nd5 7. a4 Nb4 8. Be2 Bf5 9. O-O Nc2= 10. Ra2 Nb4
11. Ra3 Nc2=
1/2-1/2

[Event "Olga Nikolaevna Rubtsova"]
[Site "SchemingMind.com"]
[Date "2009.05.10"]
[Round "-"]
[White "Fiesty 50"]
[Black "n_antonov"]
[Result "1/2-1/2"]
[WhiteCountry "ENG"]
[BlackCountry "BUL"]
[WhiteElo "2283"]
[WhiteRD "110"]
[BlackElo "2255"]
[BlackRD "58"]
[GameID "204214"]

1. e4 e6 2. d4 d5 3. Nc3 Nf6 4. Bg5 dxe4 5. Nxe4 Be7 6. Bxf6 Bxf6 7. Nf3 O-O 8. Qd2 Nd7 9. O-O-O b6 10. Bc4 Bb7
11. Rhe1 Bd5 12. Bd3 c5 13. c4 Bc6 14. Nxf6+ Nxf6 15. dxc5 bxc5 16. Ne5 Qc7 17. g4 Rad8 18. Qe3 Nd7 19. Nxc6 Qxc6 20. Qe4 Qxe4
21. Bxe4 Nb6 22. b3 g5 23. Rd3 Kg7=
1/2-1/2